| 000 | 00410cam a2200145ua 4500 | ||
|---|---|---|---|
| 999 |
_c14826 _d14826 |
||
| 020 | _a9788121908689 | ||
| 082 |
_a621.7 _bKHU/TE |
||
| 100 |
_aKhurmi, R.S . _92046 |
||
| 245 | _aText book of workshop technology (Manufacturing Processes) / | ||
| 250 | _a6 / | ||
| 260 |
_aNew Delhi : _bNirja Construction & Development Co (p) Ltd , _c2015. |
||
| 300 | _a552 ; . | ||
| 700 | 1 |
_aGupta, J K _91225 |
|
| 942 | _cBK | ||